Basic Macroeconomics / (Record no. 11612)
[ view plain ]
| 000 -LEADER | |
|---|---|
| fixed length control field | 00669nam a22002297i 4500 |
| 003 - CONTROL NUMBER IDENTIFIER | |
| control field | URS |
| 005 - DATE AND TIME OF LATEST TRANSACTION | |
| control field | 20220117094650.0 |
| 008 - FIXED-LENGTH DATA ELEMENTS--GENERAL INFORMATION | |
| fixed length control field | 181205b ||||| |||| 00| 0 eng d |
| 020 ## - INTERNATIONAL STANDARD BOOK NUMBER | |
| International Standard Book Number | 9781631895791 |
| 040 ## - CATALOGING SOURCE | |
| Language of cataloging | eng |
| Description conventions | rda |
| Transcribing agency | URS |
| 050 00 - LIBRARY OF CONGRESS CALL NUMBER | |
| Classification number | HD 171.5 |
| Item number | K3201 2016 |
| 245 10 - TITLE STATEMENT | |
| Title | Basic Macroeconomics / |
| Statement of responsibility, etc. | Thomas Kemp |
| 250 ## - EDITION STATEMENT | |
| Edition statement | 1st Edition |
| 264 #1 - PRODUCTION, PUBLICATION, DISTRIBUTION, MANUFACTURE, AND COPYRIGHT NOTICE | |
| Place of production, publication, distribution, manufacture | United States of America: |
| Name of producer, publisher, distributor, manufacturer | Bassim Hamadeh, CEO Publisher |
| Date of production, publication, distribution, manufacture, or copyright notice | [2016] |
| 264 #4 - PRODUCTION, PUBLICATION, DISTRIBUTION, MANUFACTURE, AND COPYRIGHT NOTICE | |
| Date of production, publication, distribution, manufacture, or copyright notice | ©2016 |
| 336 ## - CONTENT TYPE | |
| Content type term | text |
| Content type code | txt |
| Source | rdacontent |
| 337 ## - MEDIA TYPE | |
| Media type term | unmediated |
| Media type code | n |
| Source | rdamedia |
| 338 ## - CARRIER TYPE | |
| Carrier type term | volume |
| Carrier type code | nc |
| Source | rdacarrier |
| 300 ## - PHYSICAL DESCRIPTION | |
| Extent | 263 pages |
| Other physical details | illustrations |
| Dimensions | 23 cm |
| 500 ## - GENERAL NOTE | |
| General note | includes references and index |
| 942 ## - ADDED ENTRY ELEMENTS (KOHA) | |
| Source of classification or shelving scheme | Library of Congress Classification |
| Koha item type | Foreign Books |
| Withdrawn status | Source of classification or shelving scheme | Damaged status | Not for loan | Collection code | Home library | Current library | Date acquired | Total Checkouts | Full call number | Barcode | Date last seen | Price effective from | Koha item type |
|---|---|---|---|---|---|---|---|---|---|---|---|---|---|
| Library of Congress Classification | Non-fiction | Rodriguez College Library | Rodriguez College Library | 12/05/2018 | HD 171.5 K3201 2016 | URSROD-4564 | 12/05/2018 | 12/05/2018 | Foreign Books |